Correr y saltar : (Registro nro. 2487)
[ vista simple ]
| 000 -CABECERA | |
|---|---|
| Longitud fija campo de control | 01107nam a2200325 a 4500 |
| 003 - • IDENTIFICADOR DELl NÚMERO DE CONTROL | |
| Identificador del número de control | CO-ViMGA |
| 008 - • CÓDIGOS DE INFORMACIÓN DE LONGITUD FIJA | |
| Códigos de información de longitud fija | 141112s2004 ck r 000 u spa d |
| 020 ## - • NÚMERO INTERNACIONAL NORMALIZADO PARA LIBROS | |
| Número Internacional Normalizado para Libros (ISBN) | 9789586890298 |
| 040 ## - FUENTE DE LA CATALOGACIÓN | |
| Centro catalogador de origen | CO-ViMGA |
| Lengua de catalogación | spa |
| Centro transcriptor | CO-ViMGA |
| 041 ## - • CÓDIGO DE LENGUA | |
| Código de lengua del texto/banda sonora o título independiente | SPA |
| 082 04 - • NÚMERO DE LA CLASIFICACIÓN DECIMAL DEWEY | |
| Número de clasificación (R) | 613.7 L61c |
| 100 1# - • PUNTO DE ACCESO PRINCIPAL-NOMBRE DE PERSONA | |
| Nombre de persona | Lobb, Janice |
| 245 10 - • TITULO PROPIAMENTE DICHO | |
| Título | Correr y saltar : |
| Resto del título | ¿qué vamos a jugar? / |
| Mención de responsabilidad, etc. | Janice Lobb ; ilustrado por Peter Utton y Ann Savage ; traducido por Carlos Roberto Ramírez |
| 250 ## - • MENCIÓN DE EDICIÓN | |
| Mención de edición | 1a ed., 1a reimpr. |
| 300 ## - • DESCRIPCIÓN FÍSICA | |
| Extensión | 32 p. : il. col. : il. |
| 490 ## - • MENCIÓN DE SERIE | |
| Mención de serie | El pequeño científico |
| 650 14 - • PUNTO DE ACCESO ADICIONAL DE MATERIA - TÉRMINO DE MATERIA | |
| Término de materia o nombre geográfico como elemento inicial | ACTIVIDAD MOTORA |
| 650 14 - • PUNTO DE ACCESO ADICIONAL DE MATERIA - TÉRMINO DE MATERIA | |
| Término de materia o nombre geográfico como elemento inicial | CUERPO HUMANO - ENSEÑANZA ELEMENTAL |
| 650 14 - • PUNTO DE ACCESO ADICIONAL DE MATERIA - TÉRMINO DE MATERIA | |
| Término de materia o nombre geográfico como elemento inicial | DESDE LOS 6 AÑOS |
| 650 14 - • PUNTO DE ACCESO ADICIONAL DE MATERIA - TÉRMINO DE MATERIA | |
| Término de materia o nombre geográfico como elemento inicial | EJERCICIO |
| 650 14 - • PUNTO DE ACCESO ADICIONAL DE MATERIA - TÉRMINO DE MATERIA | |
| Término de materia o nombre geográfico como elemento inicial | ESTADO FISICO |
| 650 14 - • PUNTO DE ACCESO ADICIONAL DE MATERIA - TÉRMINO DE MATERIA | |
| Término de materia o nombre geográfico como elemento inicial | EXPERIMENTACION CIENTIFICA - ENSEÑANZA ELEMENTAL |
| 650 14 - • PUNTO DE ACCESO ADICIONAL DE MATERIA - TÉRMINO DE MATERIA | |
| Término de materia o nombre geográfico como elemento inicial | SALUD |
| 650 14 - • PUNTO DE ACCESO ADICIONAL DE MATERIA - TÉRMINO DE MATERIA | |
| Término de materia o nombre geográfico como elemento inicial | SENTIDOS - ENSEÑANZA ELEMENTAL |
| 700 1# - • PUNTO DE ACCESO ADICIONAL - NOMBRE DE PERSONA | |
| Nombre de persona | Ramírez, Carlos Roberto |
| 700 1# - • PUNTO DE ACCESO ADICIONAL - NOMBRE DE PERSONA | |
| Nombre de persona | Utton, Peter Savage, Ann |
| 942 ## - ENTRADA DE ELEMENTOS AGREGADOS (KOHA) | |
| Fuente de clasificaión o esquema | Dewey Decimal Classification |
| Koha [por defecto] tipo de item | LIbro |
| Perdido | Fuente de clasificación o esquema | Estado Físico | No para préstamo | Forma de adquisición | Localización permanente | Localización actual | Localización en estanterías | Fecha adquisición | Préstamos totales | Signatura completa | Código de barras | Fecha última consulta | Número de copia | Fecha del precio de reemplazo | Tipo de item de Koha | Serie de enumeración / cronolog&íacute;a | Note pública | Fuente de adquisición | Calificador de ubicación codificada |
|---|---|---|---|---|---|---|---|---|---|---|---|---|---|---|---|---|---|---|---|
| Dewey Decimal Classification | Infantil | Biblioteca Pública Dorado | Biblioteca Pública Dorado | Sala Infantil | 02/16/2024 | 613.7 L61c | DOR01305 | 02/16/2024 | Ej.1 | 02/16/2024 | LIbro | ||||||||
| Dewey Decimal Classification | Colección General | Biblioteca Pública José Eustasio Rivera - San Martin | Biblioteca Pública José Eustasio Rivera - San Martin | Estanteria bebes | 07/09/2024 | 613.7 L61e | SM03173 | 07/09/2024 | Ej.1 | 07/09/2024 | Libro Infantil | ||||||||
| Dewey Decimal Classification | Colección General | Biblioteca Pública Puerto Lleras | Biblioteca Pública Puerto Lleras | Sala Infantil | 12/28/2023 | 613.7 L61c | PLL01037 | 12/28/2023 | Ej.1 | 12/28/2023 | Libro Infantil | ||||||||
| Dewey Decimal Classification | Infantil | Biblioteca Pública San Carlos de Guaroa - Eduardo Carranza | Biblioteca Pública San Carlos de Guaroa - Eduardo Carranza | Sala Infantil | 07/07/2023 | 613.7 L61c | SG00899 | 07/07/2023 | Ej.1 | 07/07/2023 | Libro Infantil | ||||||||
| Dewey Decimal Classification | Infantil | Biblioteca Pública El Castillo - Alfonso Meneses | Biblioteca Pública El Castillo - Alfonso Meneses | Sala Infantil | 08/09/2023 | 613.7 L61e Ej.1 | EC00153 | 08/09/2023 | Ej.1 | 08/09/2023 | Libro Infantil | ||||||||
| Sala General | Biblioteca Pública Departamental Eduardo Carranza - Villavicencio | Biblioteca Pública Departamental Eduardo Carranza - Villavicencio | General | 02/22/2013 | 372.4 L61 | ECA21821 | 11/26/2024 | Ej.1 | 11/26/2024 | LIbro | 16302 | 21083 | ||||||||
| Dewey Decimal Classification | Sala Infantil Segundo Piso | Biblioteca Pública Germán Arciniegas - Villavicencio | Biblioteca Pública Germán Arciniegas - Villavicencio | 12/04/2015 | 613.7 L61c | 25902 | 12/04/2015 | Ej. 1 | 12/04/2015 | LIbro | 16/abr/2013 | ||||||||
| Dewey Decimal Classification | Infantil | Biblioteca Pública Guamal | Biblioteca Pública Guamal | Sala Infantil | 03/02/2023 | 613.7 L61c | GUA001917 | 03/02/2023 | Ej.1 | 03/02/2023 | Libro Infantil | ||||||||
| Dewey Decimal Classification | Infantil | Biblioteca Pública La Macarena | Biblioteca Pública La Macarena | Sala Infantil | 08/13/2024 | 613.7 L61e | LM001691 | 08/13/2024 | Ej.1 | 08/13/2024 | LIbro | ||||||||
| Dewey Decimal Classification | Infantil | Biblioteca Pública Mesetas - Franco lodo Poloxi | Biblioteca Pública Mesetas - Franco lodo Poloxi | Sala Infantil | 08/26/2025 | 613.7 L61c | ME01873 | 06/09/2025 | Ej.1 | 06/09/2025 | LIbro | ||||||||
| Dewey Decimal Classification | Infantil | Biblioteca Pública Rural El Yarí- vereda Playa Rica La Macarena | Biblioteca Pública Rural El Yarí- vereda Playa Rica La Macarena | Sala Infantil | 06/06/2025 | 613.7 L61c | BPM'593 | 07/03/2025 | Ej.1 | 07/03/2025 | LIbro | ministerio de cultura | BPM'593 | ||||||
| Dewey Decimal Classification | Infantil | Biblioteca Pública San Juanito - Ernesto Maria Peña Romero | Biblioteca Pública San Juanito - Ernesto Maria Peña Romero | Sala Infantil | 01/17/2025 | 613.7 L61c | SJU01216 | 01/17/2025 | Ej.1 | 01/17/2025 | LIbro |